Evil in the mahabharata / (Record no. 158288)

MARC details
000 -LEADER
fixed length control field 00621nam a22001937a 4500
005 - DATE AND TIME OF LATEST TRANSACTION
control field 20181024152517.0
010 ## - LCCN (DPL NO)
LC control number ENG-124357
020 ## - INTERNATIONAL STANDARD BOOK NUMBER
International Standard Book Number 9780199091836
Terms of availability 650.00
035 ## - SYSTEM CONTROL NUMBER
System control number EN-107889
037 ## - SOURCE OF ACQUISITION
Source of stock number/acquisition DBAD/PUB
082 ## - DEWEY DECIMAL CLASSIFICATION NUMBER
Classification number 230.1
100 ## - MAIN ENTRY--PERSONAL NAME
Personal name Nayak, Meena Arora
245 ## - TITLE STATEMENT
Title Evil in the mahabharata /
Statement of responsibility, etc by Meena Arora Nayak
260 ## - PUBLICATION, DISTRIBUTION, ETC. (IMPRINT)
Place of publication, distribution, etc New Delhi
Name of publisher, distributor, etc Oxford University Press
Date of publication, distribution, etc 2018
270 ## - ADDRESS
City New Delhi
Postal code 110002
Address 2/11 Ground Floor, Ansari Road, Daryaganj,
300 ## - PHYSICAL DESCRIPTION
Extent xix,355p
Dimensions 22cm.(Hb)
500 ## - GENERAL NOTE
General note It includes bibliography, index and about the author
942 ## - ADDED ENTRY ELEMENTS (KOHA)
Source of classification or shelving scheme Dewey Decimal Classification
Item type English Books
Classification part 230.1
Call number suffix NAY
Holdings
Withdrawn status Lost status Not for loan Collection code Home library Current library Date acquired Source of acquisition Cost, normal purchase price Full call number Barcode Copy number Cost, replacement price Koha item type
    Not For Loan Non-fiction D.B.Act.Division Bawana 24/10/2018 DBAD/PUB 650.00 230.1 ARO EN-107889 1 650.00 English Books

© Delhi Public Library
Hit Counter
free hit counter